Countries by highest IQ - Statistics

General Stats
  • This quiz has been taken 19 times
  • The average score is 6 of 10
Answer Stats
# Answer % Correct
106,49 Japan
94%
104,10 China
89%
102,35 South Korea
83%
105,89 Singapore
67%
100,74 Germany
56%
106,47 Taiwan
56%
101,20 Finland
50%
100,74 Netherlands
50%
101,60 Belarus
17%
101,07 Liechtenstein
17%
No matching quizzes found
Score Distribution
Percent of People with Each Score
Percentile by Number Answered
Your Score History
You have not taken this quiz